El Madrid de la ilustración
Salvato in:
| Autore principale: | |
|---|---|
| Natura: | Libro |
| Lingua: | spagnolo |
| Pubblicazione: |
Madrid, España
Akal
1995
|
| Serie: | Historia del Mundo para Jóvenes,
55 Monografías |
| Soggetti: | |
| Tags: |
Aggiungi Tag
Nessun Tag, puoi essere il primo ad aggiungerne!!
|
MARC
| LEADER | 00000cam a2200000 a 4500 | ||
|---|---|---|---|
| 001 | UCD5214 | ||
| 003 | CL-VaPUC | ||
| 005 | 20210805001737.0 | ||
| 008 | 160811e19950000sp |||||||||||||||||spa|d | ||
| 999 | |c 365943 |d 365941 | ||
| 020 | |a 8446004186 | ||
| 040 | |c Pontificia Universidad Católica de Valparaíso | ||
| 082 | 0 | 4 | |a 946.072 LOP 1995 |2 21 |
| 100 | |a López González, Beatriz |e autora |9 588942 | ||
| 245 | 1 | 3 | |a El Madrid de la ilustración |
| 260 | |a Madrid, España |b Akal |c 1995 | ||
| 300 | |a 48 páginas | ||
| 490 | 0 | |a Historia del Mundo para Jóvenes, |v 55 | |
| 490 | 0 | |a Monografías | |
| 583 | |a last modification |c 20160811 17:42:00 |k Rodrigo Vera | ||
| 650 | 0 | |a Ilustración |z MADRID |z ESPAÑA |9 313124 | |
| 650 | 7 | |a HISTORIA DE EUROPA |2 CL-VaPUC |9 318727 |y SIGLO 19 | |
| 650 | 7 | |a HISTORIA DE ESPAÑA |2 CL-VaPUC |9 391806 |y SIGLO 19 | |
| 852 | |a BIBCUR | ||
| 942 | |c BK |2 ddc | ||
| 945 | |d 20160811 17:42:00 |a arojas | ||
| 952 | |0 0 |1 0 |2 ddc |3 erb |4 0 |6 946_072000000000000_LOP_1995 |7 0 |8 A |9 479921 |a BIBHIS |b BIBHIS |i 5337798 |o 946.072 LOP 1995 |p 5337798 |r 2025-01-20 |t 1 |w 2019-11-24 |y BK |z Catalogado en:20160811 |k HIS | ||